Handel wewnetrzny Pismo poswiecone teorii i praktyce handlu. Dwumiesiecznik

Gespeichert in:
Bibliographische Detailangaben
Format: Schriftenreihe
Sprache:Polnisch
Veröffentlicht: Warszawa Wyd. ekon. 1985
Ausgabe:1. wyd.
Tags: Tag hinzufügen
Keine Tags, Fügen Sie das erste Tag hinzu!

MARC

LEADER 00000nas2a2200000 4500
001 s028496
005 20251031113020.3
041 0 |a pol 
044 |a PL 
245 1 0 |a Handel wewnetrzny  |b Pismo poswiecone teorii i praktyce handlu. Dwumiesiecznik 
250 |a 1. wyd. 
264 1 |a Warszawa  |b Wyd. ekon.  |c 1985 
300 |a 1 zv. 
773 0 |w eu_un_cat*s120721